000 01274nam a22002297i 4500
003 DO-SdUEMH
005 20260106151049.0
007 ta
008 260106b1983 dr |||g |||| 10| 0 spa d
040 _aDO-SdUEMH
_bspa
_erda
041 _aspa
082 1 4 _mRD
_bE56s
245 3 0 _aLa situación laboral en la Republica Dominicana /
_cexpositores: Lupo Hernández Rueda, Julio de Peña Valdez Jacinto de los Santos, José Gómez Cerda Heriberto de Castro ; editor: Frank Moya Pons
264 0 1 _aSanto Domingo, República Dominicana :
_bForum,
_c1983
300 _a101 paginas ;
_c22 cm.
336 _2rdacontent
_atexto
_btxt
337 _2rdamedia
_asin mediación
_bn
338 _2rdacarrier
_avolumen
_bnc
490 _aForum ;
_v8
505 0 _aPresentación / Frank Moya Pons -- Introducción -- La situación laboral en la República Dominicana / Lupo Hernández Rueda -- El costo de la vida, la situación de empleo y su repercusión en los trabajadores y sus organizaciones / Julio de Peña Valdez -- La legislación laboral y efectos en el seno de los trabajadores / Jacinto de los Santos -- Necesidad de un sindicalismo independiente / José Gómez Cerda -- Los empleadores dominicanos y las relaciones obrero-patronales / Heriberto de Castro.
942 _2ddc
_n0
_cBK
999 _c18288
_d18288